Statistiques concernant Culture Générale - Série 1238

Cliquez ici pour prendre le quiz!

Statistiques générales

  • Ce quiz a été pris 58 fois
  • Le résultat moyen est 7 sur 10

Statistiques - réponses

Question Réponse % Correct
Dans un désert, quel lieu qui présente de la végétation grâce à un point d'eau peut-on trouver ?oasis
98%
Selon l'expression, à quel animal donnez-vous votre langue, si vous renoncez à répondre à une devinette ?chat
97%
Dans l'album de Tintin "Le Temple du soleil", quel animal crache au visage du capitaine Haddock ?lama
91%
À quel chanteur jamaïquain doit-on le tube "No Woman, No Cry" ?Bob Marley
91%
Quel grand bovidé sauvage, possédant une bosse entre les épaules, était autrefois chassé par les Indiens d'Amérique du Nord et par le célèbre Buffalo Bill ?bison
90%
Quel groupe de pop était constitué de "quatre garçons dans le vent" ?The Beatles
81%
Au cinéma, quel ogre vert tombe amoureux de la princesse Fiona ?Shrek
79%
En 1994, quel chanteur a célébré un "Samedi soir sur la terre" ?Francis Cabrel
33%
Quelle femme de lettres publie "Le Général Dourakine" au XIXe siècle ?comtesse de Ségur
29%
Quel groupe de combat employé pour les opérations rapides et isolées est aussi le titre d'un tube de Vanessa Paradis sorti en 2000 ?commando
28%

Distribution des résultats

Percentile by Number Answered

% des personnes avec chaque résultat

Votre développement - résultats

Vous n’avez pas pris ce quiz